|
|
|
|
| LEADER |
00000cam a2200000 7i4500 |
| 001 |
0000006076 |
| 002 |
000006566 |
| 005 |
20000330.0 |
| 020 |
|
|
|a 9835000964
|
| 090 |
0 |
0 |
|a 909
|b IBR
|
| 100 |
0 |
|
|a Ibrahim Mustapa
|
| 245 |
1 |
0 |
|a Model jawapan spm sejarah peradaban dunia KBSM
|c Ibrahim Mustafa
|
| 260 |
|
|
|a Johor :
|b Penerbitan Pelangi Sdn Bhd ,
|c 1994
|
| 300 |
|
|
|a 228p. ;
|c 25cm.
|
| 650 |
0 |
0 |
|a World cirilization
|x History
|x SPM
|
| 999 |
|
|
|a 038197
|b BUKU
|c RUJUKAN
|e PERPUSTAKAAN KOMUNITI PETALING JAYA
|
| 999 |
|
|
|a 038198
|b BUKU
|c RUJUKAN
|e PERPUSTAKAAN KOMUNITI PETALING JAYA
|
| 999 |
|
|
|a 045762
|b BUKU
|c PINJAMAN
|e PERPUSTAKAAN KOMUNITI CAW KOTA DAMANSARA
|
| 999 |
|
|
|a 045763
|b BUKU
|c PINJAMAN
|e PERPUSTAKAAN KOMUNITI CAW KOTA DAMANSARA
|